| 000 | 00940naa a22002777a 4500 | ||
|---|---|---|---|
| 001 | BR8801530 | ||
| 003 | BR-BrBNA | ||
| 005 | 20240918175955.0 | ||
| 007 | ta | ||
| 008 | 230509b bl.||||| |||| 00| 0 por d | ||
| 040 |
_aBR-BrBNA _bpor _cBiblioteca Nacional de Agricultura |
||
| 041 | _a(Pt) | ||
| 072 |
_aQ03 _b8966 |
||
| 090 | _aQ03 BR8801530 | ||
| 100 | 1 | _aNazario, G. | |
| 111 | 1 |
_a1. Simposio de Oleos Essenciais _cCampinas, SP (Brazil) _d27-28 Mar 1986 |
|
| 245 | 1 | _aToxicidade de oleos essenciais e derivados | |
| 260 | 3 |
_aCampinas, SP (Brasil): _c1986. |
|
| 500 | _a1. Simposio de Oleos Essenciais Campinas, SP (Brasil): 1986. p. 155-161 (BR8801530-AM)Q03 | ||
| 650 | _aOLEO ESSENCIAL | ||
| 650 | _aAROMATIZANTE | ||
| 650 | _aTOXICOLOGIA DE ALIMENTO | ||
| 773 | 0 |
_t1. Simposio de Oleos Essenciais _wQ03 BR8801530 _gCampinas, SP (Brasil), 1986. p. 155-161 |
|
| 909 |
_a202404 _bLucia _c55 _dLucia Elande |
||
| 942 |
_cAM _2AGRIS |
||
| 999 |
_c319057 _d319057 |
||